000 00588nam a2200205Ii 4500
003 JO-AjNU
008 230605s9999||||xx |||||||||||||| ||und||
040 _aJO-AjNU
_bara
_erda
_cJO-AjNU
041 _aara
050 1 4 _aBP40.1994
100 3 _aالحافظ، ملك,
_eauthor
_937266
245 0 0 _aرأيت الله
250 _aط3
264 3 1 _aدمشق:دار غار حراء طباعة نشر توزيع ،2004
300 _a259ص
336 _atext
_btxt
_2rdacontent
337 _aunmediated
_bn
_2rdamedia
338 _avolume
_bnc
_2rdacarrier
650 4 _aتصوف
_937267
999 _aA15556
_c19124
_d19124